000 00697nam a22002537a 4500
003 CHAP
005 20220329134936.0
008 971013s r 00010 d
010 _a28439
011 _a29411
035 _a33522
040 _cCHAP
090 _aR-4
100 0 0 _aFassett, Norman C.
_939820
245 _aMass collections
_b: Oxalis violacea
500 _aSobretiro de: Castanea 7: 31-38, 1942
501 _aEnc. con otros impresos similares
590 _aBATCH-UPD
_b10
_c20130110
_lUCH01
_h2204
590 _aCONVERSION
_b10
_c20130109
_lUCH01
_h1316
650 1 4 _aOxalis violacea.
_984449
901 _aBK
942 _cREIMP
949 _aR-4
_bBC
_cR
_d-78057
_eTS1
_i33522
_si
999 _c28439
_d28439